Corporaciones locales y actividad económica / Tomás de la Quadra Salcedo
ISBN:
84-7248-734-2
Descripción Física:
80 p. ; 21 cm
Colección:
Seminario de régimen local
MARC
| LEADER | 00000nam a2200000Ia 4500 | ||
|---|---|---|---|
| 001 | 13236 | ||
| 008 | 160829s1999 xx 000 0 cat d | ||
| 020 | |a 84-7248-734-2 | ||
| 080 | |a D-1-186 | ||
| 100 | |a Quadra-Salcedo Fernández del Castillo, Tomás de la |9 44241 | ||
| 245 | |a Corporaciones locales y actividad económica / Tomás de la Quadra Salcedo | ||
| 260 | |a Barcelona : |b Diputació de Barcelona ; Madrid : |b Marcial Pons, |c 1999 | ||
| 300 | |a 80 p. ; |c 21 cm | ||
| 490 | |a Seminario de régimen local | ||
| 590 | |a A la coberta : Universidad Carlos III de Madrid | ||
| 650 | 0 | |a Administració local |x Dret i legislació |z Espanya |9 11255 | |
| 650 | |a Administració local |x Espanya |x Aspectes econòmics |9 31892 | ||
| 901 | |a Arxiu | ||
| 942 | |n 1 | ||
| 952 | |0 0 |1 0 |4 0 |6 D1186 |7 1 |9 45792 |a Arxiu |b Arxiu |d 2016-12-01 |l 0 |o D-1-186 |p 13236 |r 2016-12-01 00:00:00 |w 2016-12-01 |y ARXIU | ||
| 952 | |0 0 |1 0 |4 0 |6 PDL |7 1 |9 63568 |a Arxiu |b Arxiu |d 2022-08-29 |l 0 |o PDL |p 26558 |r 2022-08-29 00:00:00 |w 2022-08-29 |y ARXIU | ||
| 952 | |0 0 |1 0 |4 0 |6 PDL |7 1 |9 63569 |a Arxiu |b Arxiu |d 2022-08-29 |l 0 |o PDL |p 26559 |r 2022-08-29 00:00:00 |w 2022-08-29 |y ARXIU | ||
| 999 | |c 49292 |d 49292 | ||